| 000 | 00715nam a2200181 i 4500 | ||
|---|---|---|---|
| 001 | 44883 | ||
| 003 | ES-MaACL | ||
| 005 | 20250927140112.0 | ||
| 007 | t| | ||
| 008 | 030324s1948 sp ||||1| spa d | ||
| 245 | 0 | 0 |
_aCódigo penal anotado de 23 de diciembre de 1944 / _ccon un breve comentario y la más reciente jurisprudencia del Tribunal Supremo por Isaías Sánchez-Tejerina ; con la colaboración de Juan A. Sánchez Tejerina y Sanjurjo. |
| 260 |
_aMadrid : _bReus, _c[1948] |
||
| 300 |
_a709 p. ; _c16 cm. |
||
| 700 | 1 |
_aSánchez Tejerina, Isaías, _d1892-1959 _9102947 |
|
| 700 | 0 |
_aSánchez Tejerina y Sanjurjo, Juan Antonio. _9102948 |
|
| 852 |
_aES-MaACL _jD-6696 _bR.29159 |
||
| 999 |
_c44883 _d44883 |
||